| 000 | 00454nam a2200157Ia 4500 | ||
|---|---|---|---|
| 008 | 170224s9999 xx 000 0 und d | ||
| 100 | _aSonja Utz | ||
| 245 | _aIs LinkedIn making you more successful? The informational benefits derived from public social media | ||
| 245 | _cSonja Utz | ||
| 260 | _bNew Media & Society | ||
| 260 | _cDecember | ||
| 300 | _a18:11 | ||
| 500 | _aDecember | ||
| 650 | _xCommunication Arts | ||
| 650 | _xMultimedia Arts | ||
| 999 |
_c316227 _d316227 |
||